Представление документа в формате MARC21

Поле Инд. ПП Название Значение
Тип записи a
Библиографический уровень m
001 Контрольный номер RU/IS/BASE/207394786
005 Дата корректировки 20220728142048.9
040 b Код языка каталог. rus
041 a Код языка текста rus
080 a Индекс УДК 004.42
084 a Индекс другой классификации/Индекс ББК 32.973
090 a Полочн. индекс 681.3
c Каталожный индекс 681.3.06:621.382
x Авторский знак В24
097 b Оператор 11
245 a Заглавие Введение в технику работы с таблицами решений
c Ответственность Г. Фрайтаг [и др.] ; пер. с нем. М. Г. Гаазе-Рапопорта ; под ред. Д. А. Поспелова
260 a Место издания М.
b Издательство Энергия
c Дата издания 1979
300 a Объем 87 с.
b Иллюстрации/ тип воспроизводства ил.
440 a Серия Библиотека по автоматике
n Номер части Вып. 603
510 a Примечание о ссылках Книги и методические пособия
650 a Основная рубрика 50.05 Теоретические основы программирования
x Основная подрубрика 50.05.19 Теоретические основы прикладного программного обеспечения
653 a Ключевые слова программирование; цифровые вычислительные машины
901 t Тип документа m